000 00404nam a22001217a 4500
999 _c422
_d422
005 20200813103839.0
008 200813b ||||| |||| 00| 0 eng d
020 _a302184
040 _cCML
245 _aA Place to Feel at Home: A Study of two Independent Churches in western Kenya.
_cWelbourn, F.B.
260 _aLondon
_bOxford University
_c1966
942 _2ddc
_cBK
_e1st Edition
_h276
_mWEL